Die normative Konstruktion von Gesellschaft

Saved in:
Bibliographic Details
Main Author: Popitz, Heinrich
Format: Book
Language:German
Published: Tuebingen : J.C.B. Mohr, 1980
Subjects:
Tags: Add Tag
No Tags, Be the first to tag this record!

MARC

LEADER 00000nam a2200000 i 4500
001 1/88635
008 981113s1980 ger d
020 |a 3-16-543151-5 
035 |l 10035551 
035 |a 1993  |b 1  |c Βρατσάλης 
040 |a GR-MY-UA  |b gre  |e aacr 
041 0 |a ger 
082 0 |a 306  |2 (19) 
100 1 |a Popitz, Heinrich. 
245 1 4 |a Die normative Konstruktion von Gesellschaft /  |c von Heinrich Popitz 
260 |a Tuebingen :   |b J.C.B. Mohr,   |c 1980 
300 |a vi, 92 p.;  |c 24 cm 
504 |a Βιβλιογραφία: σ. [iii]-iv 
650 0 0 |a Social norms. 
852 |a INST  |b RHODES  |e 19981113  |h 306 POP  |p 005400009623  |q 005400009623  |t BK  |y 0 
909 |a Ρ  |b 026505  |c 1993